000 01193nam a22002057a 4500
999 _c63507
_d63507
003 Ge_BSU
005 20251020202321.0
008 251020s2024 ge ||||| |||| 00| 0 geo d
020 _a9789941337567
041 _ageo
080 _a94(479.223)(093) ო-57
245 _aორი ოსმალური დავთარი ბათუმის შესახებ = Two Ottoman Defters About Batumi /
_cთურქულიდან თარგმნა ზაზა შაშიკაძემ; რედაქტორები : მამია ფაღავა, მირიან მახარაძე, ბაკურ გოგოხია.
264 _aთბილისი :
_bუნივერსალი,
_c2024.
300 _a552 გვ.:
_bილ.;
_c29 სმ.
700 _aშაშიკაძე, ზაზა
_eმთარგმნელი
_926084
700 _aფაღავა, მამია
_eრედაქტორი
_926085
700 _4მახარაძე, მირიან
_eრედაქტორი
_926086
700 _aგოგოხია, ბაკურ
_eრედაქტორი
_926087
942 _2udc
_cᲬᲘᲒᲜᲘ